<?xml version="1.0" encoding="UTF-8"?>
<record
    xmlns:xsi="http://www.w3.org/2001/XMLSchema-instance"
    xsi:schemaLocation="http://www.loc.gov/MARC21/slim http://www.loc.gov/standards/marcxml/schema/MARC21slim.xsd"
    xmlns="http://www.loc.gov/MARC21/slim">

  <leader>03071nam a2200361   4500</leader>
  <controlfield tag="001">OTLid0000820</controlfield>
  <controlfield tag="003">MnU</controlfield>
  <controlfield tag="005">20201105133404.0</controlfield>
  <controlfield tag="006">m     o  d s      </controlfield>
  <controlfield tag="008">200329s2013    mnu     o     0   0 eng d</controlfield>
  <datafield tag="020" ind1=" " ind2=" ">
    <subfield code="a"></subfield>
  </datafield>
  <datafield tag="040" ind1=" " ind2=" ">
    <subfield code="a">MnU</subfield>
    <subfield code="b">eng</subfield>
    <subfield code="c">MnU</subfield>
  </datafield>
  <datafield tag="050" ind1=" " ind2="4">
    <subfield code="a">QH308.2</subfield>
  </datafield>
  <datafield tag="245" ind1="0" ind2="0">
    <subfield code="a">Biotechnology Foundations</subfield>
    <subfield code="c">Jack O'Grady</subfield>
  </datafield>
  <datafield tag="250" ind1=" " ind2=" ">
    <subfield code="a">2nd Edition</subfield>
  </datafield>
  <datafield tag="264" ind1=" " ind2="2">
    <subfield code="b">Open Textbook Library</subfield>
  </datafield>
  <datafield tag="264" ind1=" " ind2="1">
    <subfield code="b">OpenStax CNX</subfield>
  </datafield>
  <datafield tag="300" ind1=" " ind2=" ">
    <subfield code="a">1 online resource</subfield>
  </datafield>
  <datafield tag="490" ind1="0" ind2=" ">
    <subfield code="a">Open textbook library.</subfield>
  </datafield>
  <datafield tag="505" ind1="0" ind2=" ">
    <subfield code="a">1 Unit 1. The Foundations of Biotechnology -- Chapter 1. The Study of Life -- Chapter 2. The Building Blocks of Life -- Chapter 3. What is Biotechnology? -- Chapter 4. Biotechnician Tools: Measurements &amp; Uncertainty -- Chapter 5. Biotechnician Tools: Preparing Solutions -- Chapter 6. Biotechnician Tools: Basic Laboratory Equipment -- 2 Unit 2. Introduction to Biomanufacturing -- Chapter 7. Cell Structure and Function -- Chapter 8. Microbes -- Chapter 9. Microbial Techniques -- Chapter 10. Microbial Growth -- Chapter 11. Control of Microbial Growth -- 3 Unit 3. Molecular Biotechnology -- Chapter 12. Nucleic Acid Structure &amp; Function -- Chapter 13. Protein Structure and Function -- Chapter 14. Laboratory Techniques: Nucleic Acids and Proteins -- Chapter 15. Viruses, Vaccines, and the Immune System -- Chapter 16. Immunochemistry</subfield>
  </datafield>
  <datafield tag="520" ind1="0" ind2=" ">
    <subfield code="a">Given the broad definition of biotechnology applications and products, it is easy to see how there is enormous overlap within the fields of cellular biology, microbiology, chemistry, and biomedical engineering. It is the goal of this textbook to provide foundational knowledge to begin building your biotechnology toolkit and enter an exciting career of making a difference through biotechnology. This textbook first explores the fundamentals of laboratory science and biotechnology. Unit 1 begins with a dive into the foundation of biology and chemistry by asking what is life and what are the molecules of life? The end of the unit offers a primer into laboratory science; preparing solutions and operating basic lab equipment. Unit 2 brings readers through a vital tool of biomanufacturing, understanding the growth and control of microbes. Many biotechnology products are made by harnessing the work of microbes, and this unit explores this invisible and intriguing world of microorganisms. The final unit, molecular biotechnology, offers a more in-depth look at how biological molecules such as DNA and protein are manipulated into creating useful products.</subfield>
  </datafield>
  <datafield tag="542" ind1="1" ind2=" ">
    <subfield code="f">Attribution</subfield>
  </datafield>
  <datafield tag="546" ind1=" " ind2=" ">
    <subfield code="a">In English.</subfield>
  </datafield>
  <datafield tag="588" ind1="0" ind2=" ">
    <subfield code="a">Description based on online resource</subfield>
  </datafield>
  <datafield tag="650" ind1=" " ind2="0">
    <subfield code="a">Biology</subfield>
    <subfield code="v">Textbooks</subfield>
  </datafield>
  <datafield tag="700" ind1="1" ind2=" ">
    <subfield code="a">O'Grady, Jack </subfield>
    <subfield code="e">author</subfield>
  </datafield>
  <datafield tag="710" ind1="2" ind2=" ">
    <subfield code="a">Open Textbook Library</subfield>
    <subfield code="e">distributor</subfield>
  </datafield>
  <datafield tag="856" ind1="4" ind2="0">
    <subfield code="u">https://open.umn.edu/opentextbooks/textbooks/820</subfield>
    <subfield code="z">Access online version</subfield>
  </datafield>
  <datafield tag="999" ind1=" " ind2=" ">
    <subfield code="c">20163</subfield>
    <subfield code="d">20163</subfield>
  </datafield>
  <datafield tag="952" ind1=" " ind2=" ">
    <subfield code="0">0</subfield>
    <subfield code="1">0</subfield>
    <subfield code="2">lcc</subfield>
    <subfield code="4">0</subfield>
    <subfield code="7">0</subfield>
    <subfield code="a">DL</subfield>
    <subfield code="c">OA</subfield>
    <subfield code="d">2020-11-05</subfield>
    <subfield code="l">0</subfield>
    <subfield code="o">QH308.2</subfield>
    <subfield code="r">2020-11-05</subfield>
    <subfield code="u">https://open.umn.edu/opentextbooks/textbooks/820</subfield>
    <subfield code="w">2020-11-05</subfield>
    <subfield code="y">EBOOK</subfield>
  </datafield>
</record>
